Sostenibilidad y agricultura de laderas en América Central: cambio tecnológico y cambio institucional /

Guardado en:
Bibliografiske detaljer
Hovedforfatter: Lindarte, Eduardo
Andre forfattere: Benito, Carlos
Format: Texto
Tags: Tilføj Tag
Ingen Tags, Vær først til at tagge denne postø!

MARC

LEADER 00000 a a2200000 04500
001 47831
003
040
100 |a Lindarte, Eduardo  
245 |a Sostenibilidad y agricultura de laderas en América Central:   |b cambio tecnológico y cambio institucional /  |c Eduardo Lindarte, Carlos Benito  
700 |a Benito, Carlos  
773 |g número33, (1993), 118 páginas : tablas  
999 |c 29980  |d 29980